[Event "Reykjavik Open 2026"]
[Site "Reykjavik ISL"]
[Date "2026.03.28"]
[Round "5.121"]
[White "Hammari, Vinjar"]
[Black "Gilbert, Alistair"]
[Result "1-0"]
[WhiteTitle "FM"]
[WhiteElo "2135"]
[BlackElo "1820"]
[WhiteFideId "1552007"]
[BlackFideId "343419160"]
[EventDate "2026.03.25"]

1. d4 Nf6 2. c4 c5 3. d5 e5 4. Nc3 d6 5. e4 Be7 6. h3 Nbd7 7. Nf3 O-O 8. Be2 Ne8
9. Qc2 g6 10. g4 Ng7 11. Bh6 Nf6 12. Nd1 Kh8 13. Bd2 Bd7 14. Ne3 a6 15. a4 Kg8
16. a5 Nfe8 17. Bd3 Rc8 18. Ke2 Nf6 19. Rag1 Rc7 20. Rg2 Qc8 21. Rhg1 Kh8 22.
Bc3 Nfe8 23. Ke1 Qd8 24. Bd2 Rc8 25. Kd1 Rb8 26. h4 h5 27. Be2 hxg4 28. Nxg4
Bxg4 29. Rxg4 Nf6 30. R4g2 Nfh5 31. Ng5 Bxg5 32. hxg5 b5 33. axb6 Qxb6 34. Bc3
Kg8 35. Rh2 Nf4 36. Rgh1 Ngh5 37. Bxh5 Nxh5 38. f4 Rfe8 39. Qe2 Qb3+ 40. Kc1 Rf8
41. fxe5 dxe5 42. Rf2 Nf4 43. Rxf4 exf4 44. Bf6 1-0

[Event "Reykjavik Open 2026"]
[Site "Reykjavik ISL"]
[Date "2026.03.28"]
[Round "5.122"]
[White "Baert, Andy"]
[Black "Larsson, Elin"]
[Result "*"]
[WhiteTitle "FM"]
[WhiteElo "2117"]
[BlackElo "1815"]
[WhiteFideId "200107"]
[BlackFideId "1771787"]
[EventDate "2026.03.25"]

1. g3 Nf6 2. Bg2 g6 3. d4 Bg7 4. e4 d6 5. Ne2 O-O 6. O-O e5 7. h3 Nc6 8. Be3 Bd7
9. Nbc3 Re8 10. Qd2 Qc8 11. Kh2 exd4 12. Nxd4 Ne5 13. b3 Nh5 14. Rae1 a6 15. f4
Nc6 16. Bg1 Qd8 *

[Event "Reykjavik Open 2026"]
[Site "Reykjavik ISL"]
[Date "2026.03.28"]
[Round "5.123"]
[White "Digernes, Magnus"]
[Black "Grettisson, Arnar Breki"]
[Result "0-1"]
[WhiteElo "2047"]
[BlackElo "1808"]
[WhiteFideId "1514873"]
[BlackFideId "2322790"]
[EventDate "2026.03.25"]

1. d4 Nf6 2. Nc3 d5 3. Bf4 c5 4. e3 a6 5. dxc5 Nc6 6. Nf3 Bg4 7. Be2 e6 8. Na4
Nd7 9. O-O Nxc5 10. Nc3 Be7 11. h3 Bh5 12. Ne5 Bxe2 13. Nxe2 Nxe5 14. Bxe5 O-O
15. c3 b5 16. Nd4 Rc8 17. Qg4 Bf6 18. Bxf6 Qxf6 19. Nb3 Na4 20. Rab1 Rc4 21. Qg3
Rfc8 22. Nd2 R4c7 23. Nf3 Nc5 24. Nd2 Na4 25. Qd6 Rc6 26. Qb4 Qd8 27. Rfd1 Qb6
28. Qg4 Nc5 29. Nf3 Ne4 30. Ne5 R6c7 31. Nd3 a5 32. a3 Qd6 33. Nf4 b4 34. axb4
axb4 35. cxb4 Nf6 36. Qe2 Qxb4 37. Nd3 Qb5 38. b4 Ne4 39. Nc1 Qa4 40. Nb3 Nc3
41. Qb2 Nxd1 42. Rxd1 Qxb4 0-1

[Event "Reykjavik Open 2026"]
[Site "Reykjavik ISL"]
[Date "2026.03.28"]
[Round "5.124"]
[White "Carr, Jay"]
[Black "Janssens, Carlo"]
[Result "0-1"]
[WhiteElo "1805"]
[BlackElo "2028"]
[WhiteFideId "30922690"]
[BlackFideId "217492"]
[EventDate "2026.03.25"]

1. Nf3 Nf6 2. b3 c5 3. Bb2 d5 4. e3 e6 5. d4 Be7 6. Bd3 Nc6 7. a3 O-O 8. dxc5
Bxc5 9. Nbd2 Re8 10. c4 a6 11. Qc2 d4 12. Ne4 Nxe4 13. Bxe4 dxe3 14. Bxh7+ Kh8
15. O-O exf2+ 16. Kh1 e5 17. b4 Bd6 18. Rxf2 Be6 19. Re1 Rc8 20. c5 Bb8 21. Nxe5
Nxe5 22. Bxe5 Bxe5 23. Rxe5 Qd4 0-1

[Event "Reykjavik Open 2026"]
[Site "Reykjavik ISL"]
[Date "2026.03.28"]
[Round "5.125"]
[White "Snodgrass, Benjamin"]
[Black "Digernes, Mikael"]
[Result "1-0"]
[WhiteElo "2040"]
[BlackElo "1805"]
[WhiteFideId "30915422"]
[BlackFideId "1544225"]
[EventDate "2026.03.25"]

1. d4 Nf6 2. c4 e6 3. g3 Bb4+ 4. Bd2 Qe7 5. Bg2 d5 6. Qc2 O-O 7. Nf3 c6 8. O-O
Nbd7 9. Bxb4 Qxb4 10. Nbd2 Qd6 11. e4 dxe4 12. Nxe4 Nxe4 13. Qxe4 Nf6 14. Qe3
Rd8 15. Rfd1 Bd7 16. Ne5 Rab8 17. g4 b5 18. g5 Ne8 19. c5 Qc7 20. h4 f6 21. Nd3
fxg5 22. hxg5 g6 23. Ne5 Ng7 24. Ng4 Nh5 25. Qe5 Qxe5 26. dxe5 Be8 27. Rd6 Rxd6
28. exd6 Nf4 29. d7 Bf7 30. Bxc6 Ne2+ 31. Kh2 e5 32. Nxe5 Be6 33. Rd1 Rd8 34.
Bxb5 Nf4 35. c6 Nd5 36. Rxd5 1-0

[Event "Reykjavik Open 2026"]
[Site "Reykjavik ISL"]
[Date "2026.03.28"]
[Round "5.126"]
[White "Stevens, Christian FRA"]
[Black "Geirsson, Kristjan"]
[Result "1-0"]
[WhiteElo "2034"]
[BlackElo "1805"]
[WhiteFideId "649090"]
[BlackFideId "2313596"]
[EventDate "2026.03.25"]

1. e4 e5 2. Nf3 Nc6 3. Bc4 Nf6 4. Ng5 d5 5. exd5 Na5 6. Bb5+ Bd7 7. Qe2 Be7 8.
Nc3 O-O 9. Bxd7 Qxd7 10. d3 Bb4 11. Bd2 Nxd5 12. Qe4 Nf6 13. Qxb4 b6 14. O-O Nc6
15. Qa4 Nd4 16. Qxd7 Nxd7 17. Rac1 f6 18. Nh3 g5 19. Kh1 Nc5 20. Rfe1 c6 21. Ng1
Kf7 22. Nge2 Nf5 23. Ng3 Nxg3+ 24. hxg3 g4 25. Ne4 Ne6 26. Bc3 Kg6 27. Kg1 Rad8
28. f3 h5 29. Re2 Rf7 30. Rce1 Rd5 31. a4 a5 32. Nd2 Nf8 33. Nc4 Nd7 34. Re4
gxf3 35. gxf3 Rg7 36. Kg2 Rh7 37. Rh1 Rf7 38. Reh4 Rh7 39. g4 1-0

[Event "Reykjavik Open 2026"]
[Site "Reykjavik ISL"]
[Date "2026.03.28"]
[Round "5.127"]
[White "Ardu, Luigi"]
[Black "Wang, Shanshan"]
[Result "0-1"]
[BlackTitle "WFM"]
[WhiteElo "1804"]
[BlackElo "2011"]
[WhiteFideId "811904"]
[BlackFideId "8605262"]
[EventDate "2026.03.25"]

1. Nf3 d5 2. g3 Nf6 3. Bg2 e6 4. O-O c5 5. c4 Nc6 6. cxd5 exd5 7. d4 Ne4 8. Nc3
Nxc3 9. bxc3 Be7 10. Ba3 Qa5 11. Bxc5 Bxc5 12. dxc5 Qxc5 13. Nd4 O-O 14. Rc1 Be6
15. Nxe6 fxe6 16. Qb3 Na5 17. Qb4 Rac8 18. Bh3 Rf6 19. Qxc5 Rxc5 20. Rfe1 Nc4
21. Bg2 b5 22. e4 Nb2 23. Rc2 Na4 24. exd5 exd5 25. Re7 a6 26. Rd7 Nxc3 27. Rd2
Rf5 28. f4 b4 29. Bh3 Rf6 30. Kg2 a5 31. f5 Rb6 32. Kf1 a4 33. Bg2 b3 34. axb3
axb3 35. Rb2 Rb8 36. Re7 Na4 37. Rb1 b2 38. Re2 Rc1+ 39. Re1 Rxe1+ 40. Kxe1 Nc3
41. Bxd5+ Kf8 42. Ba2 Nxb1 43. Bxb1 Rc8 44. Kd2 Rc1 45. Bc2 b1=Q 46. Bxb1 Rxb1
47. Ke3 Rf1 48. Ke4 Ke7 49. h4 h5 50. Ke5 Kf7 0-1

[Event "Reykjavik Open 2026"]
[Site "Reykjavik ISL"]
[Date "2026.03.28"]
[Round "5.128"]
[White "Dijkstra, Matthijs"]
[Black "Vega, Isaac"]
[Result "1/2-1/2"]
[WhiteElo "2032"]
[BlackElo "1803"]
[WhiteFideId "1046985"]
[BlackFideId "30914035"]
[EventDate "2026.03.25"]

1. c4 Nf6 2. Nf3 e6 3. d4 d5 4. Nc3 Be7 5. Bf4 O-O 6. e3 Nbd7 7. Be2 dxc4 8.
Bxc4 a6 9. O-O c5 10. a3 b5 11. Be2 Bb7 12. dxc5 Nxc5 13. Qxd8 Rfxd8 14. Rfd1
Rxd1+ 15. Rxd1 Rd8 16. Rxd8+ Bxd8 17. Nd4 Bb6 18. b4 Ncd7 19. Bd6 Bxd4 20. exd4
Ne4 21. Nxe4 Bxe4 22. f3 Bc6 23. Kf2 h5 24. g4 Nf6 25. h3 hxg4 26. hxg4 g6 27.
Ke3 Nd5+ 28. Kd2 f5 29. f4 Nb6 30. gxf5 gxf5 31. Bc5 Nc4+ 32. Bxc4 bxc4 33. Kc3
Bd5 34. a4 Kf7 35. b5 axb5 36. axb5 Ke8 37. Kb4 Kd7 38. Bb6 Kc8 39. Ba5 Kb8 40.
Kc5 Kb7 41. Bc3 Kc7 42. Kb4 Kb6 43. Ka4 Kb7 44. Ka5 Be4 45. Be1 1/2-1/2

[Event "Reykjavik Open 2026"]
[Site "Reykjavik ISL"]
[Date "2026.03.28"]
[Round "5.129"]
[White "Petursson, Gudni"]
[Black "Paricharak, Nakul"]
[Result "1/2-1/2"]
[WhiteElo "2027"]
[BlackElo "1797"]
[WhiteFideId "2301725"]
[BlackFideId "7500173"]
[EventDate "2026.03.25"]

1. d4 d5 2. c4 e6 3. Nf3 Nf6 4. g3 c5 5. Bg2 Nc6 6. O-O dxc4 7. dxc5 Qxd1 8.
Rxd1 Bxc5 9. Nbd2 c3 10. bxc3 O-O 11. Nb3 Bb6 12. Ba3 Rd8 13. Nfd4 Nxd4 14. cxd4
Nd5 15. Rac1 Bd7 16. e3 1/2-1/2

[Event "Reykjavik Open 2026"]
[Site "Reykjavik ISL"]
[Date "2026.03.28"]
[Round "5.130"]
[White "Akeborg, Jonatan"]
[Black "McMillan, Felix"]
[Result "0-1"]
[WhiteElo "2000"]
[BlackElo "1795"]
[WhiteFideId "1773089"]
[BlackFideId "150098722"]
[EventDate "2026.03.25"]

1. e4 c5 2. Nf3 e6 3. d4 cxd4 4. Nxd4 a6 5. c4 Qc7 6. Nc3 Nf6 7. a3 Nc6 8. Nxc6
bxc6 9. Be2 Bd6 10. g3 Bb7 11. Be3 c5 12. Qd3 Be5 13. f3 h5 14. O-O-O Rb8 15.
Bg5 Nh7 16. Be3 Nf6 17. Qc2 h4 18. gxh4 Bxh2 19. Bd3 Be5 20. Rdg1 g6 21. Qd2 Nh5
22. Rg5 Ng3 23. Rg1 Nh5 24. Bc2 Bd6 25. Rd1 Be7 26. Rg4 Nf6 27. Rgg1 Rxh4 28.
Bg5 Rh8 29. e5 Ng8 30. Rh1 Rxh1 31. Rxh1 Bxg5 32. Qxg5 d6 33. Ba4+ Bc6 34. exd6
Qxd6 35. Rd1 Qc7 36. Qxc5 Rc8 37. Bxc6+ Qxc6 38. Qxc6+ Rxc6 39. Rd4 Ne7 40. Kd2
Nf5 41. Rg4 Rd6+ 42. Ke2 Nd4+ 43. Kf2 Nb3 44. Ne4 Rc6 45. Nc3 Nd2 46. c5 Rxc5
47. Ke3 Nc4+ 48. Kd4 Rc7 49. Na4 Ke7 50. Rg2 Ne5 51. Ke3 Rb7 52. Rc2 Rb3+ 53.
Ke4 Nxf3 54. Nc5 Ng5+ 55. Kf4 Nh3+ 56. Kg4 f5+ 57. Kh4 g5+ 58. Kh5 Rb8 59. Nxa6
Rg8 60. Rc7+ Kf6 61. b4 Rh8+ 0-1

[Event "Reykjavik Open 2026"]
[Site "Reykjavik ISL"]
[Date "2026.03.28"]
[Round "5.131"]
[White "Chidichimo, Pedro Jose Maria"]
[Black "Van de Steeg, Tim"]
[Result "0-1"]
[WhiteElo "1786"]
[BlackElo "2002"]
[WhiteFideId "24545252"]
[BlackFideId "40108112"]
[EventDate "2026.03.25"]

1. d4 Nf6 2. c4 g6 3. Nc3 d5 4. Bg5 Bg7 5. Bxf6 Bxf6 6. cxd5 c5 7. dxc5 Na6 8.
Qa4+ Kf8 9. Qc4 Qa5 10. Rc1 Qxc5 11. Qxc5 Nxc5 12. b4 Na6 13. a3 Bf5 14. Na4 b5
15. Nc5 Bb2 16. e4 Bxc1 17. exf5 Nxc5 18. bxc5 Bxa3 19. Bxb5 Bb4+ 20. Ke2 Bxc5
21. fxg6 hxg6 22. Nf3 Rb8 23. Rb1 Rh5 0-1

[Event "Reykjavik Open 2026"]
[Site "Reykjavik ISL"]
[Date "2026.03.28"]
[Round "5.132"]
[White "Burgert, Conrad"]
[Black "Haraldsson, Haraldur"]
[Result "0-1"]
[WhiteElo "1783"]
[BlackElo "1971"]
[WhiteFideId "30965047"]
[BlackFideId "2311100"]
[EventDate "2026.03.25"]

1. d4 Nf6 2. c4 e6 3. Nc3 d5 4. Nf3 a6 5. Bg5 c6 6. e3 Nbd7 7. c5 Be7 8. b4 b6
9. Qa4 b5 10. Qd1 a5 11. a3 O-O 12. Bd3 Re8 13. h4 e5 14. dxe5 Ng4 15. Bxe7 Qxe7
16. Bxh7+ Kxh7 17. Ng5+ Kg8 18. Qxg4 Qxe5 19. Kd2 Nxc5 20. Qh5 Nb3+ 21. Ke2 Qf5
22. Rab1 a4 23. g4 Qxg4+ 24. Qxg4 Bxg4+ 25. f3 Bh5 26. Rbd1 d4 27. Nce4 f6 28.
Ng3 Rxe3+ 29. Kf2 fxg5 30. Nxh5 Rf8 31. hxg5 Rexf3+ 32. Kg2 R3f5 33. Rh3 Rxg5+
34. Ng3 Rf6 35. Rhh1 Re5 36. Rh4 Rfe6 37. Rg4 c5 38. bxc5 Rxc5 39. Rf1 Rc2+ 40.
Kg1 d3 41. Nf5 Rc7 42. Rb4 d2 43. Rxb5 Rc1 44. Rb8+ Kh7 0-1

[Event "Reykjavik Open 2026"]
[Site "Reykjavik ISL"]
[Date "2026.03.28"]
[Round "5.133"]
[White "Daddario, Aayush"]
[Black "Heidarsson, Mikael Bjarki"]
[Result "1-0"]
[WhiteElo "1775"]
[BlackElo "1925"]
[WhiteFideId "39988287"]
[BlackFideId "2317532"]
[EventDate "2026.03.25"]

1. e4 c6 2. d4 d5 3. Nc3 dxe4 4. Nxe4 Nf6 5. Nxf6+ exf6 6. c3 Bd6 7. Bd3 O-O 8.
Qc2 Re8+ 9. Ne2 h5 10. Be3 Nd7 11. O-O-O Nf8 12. Ng3 g6 13. Bh6 f5 14. Ne2 Kh7
15. Be3 Ne6 16. Bc4 b5 17. Bb3 a5 18. a4 bxa4 19. Bxa4 Bd7 20. c4 Rb8 21. g3 Qe7
22. c5 Bc7 23. d5 cxd5 24. c6 Bc8 25. Rxd5 f4 26. Nxf4 Nxf4 27. gxf4 Bf5 28.
Rxf5 gxf5 29. Qxf5+ Kh6 30. Bc2 Rh8 31. Qg5+ Qxg5 32. fxg5+ Kg7 33. Bd4+ Kg8 34.
Bxh8 Kxh8 35. Rd1 Bxh2 36. Rh1 Bf4+ 37. Kb1 Rb5 38. Rxh5+ Kg8 39. Rh4 Bc7 40.
Rd4 Rc5 41. Be4 Bh2 42. Rd8+ Kg7 43. Rd7 Kf8 44. Bd5 Be5 45. Rxf7+ Ke8 46. Rd7
Bf4 47. g6 Be5 48. g7 Bxg7 49. Rxg7 Rxd5 50. c7 Rc5 51. Rg8+ Kd7 52. c8=Q+ Rxc8
53. Rxc8 Kxc8 54. Ka2 1-0

[Event "Reykjavik Open 2026"]
[Site "Reykjavik ISL"]
[Date "2026.03.28"]
[Round "5.134"]
[White "Resika, Nathan"]
[Black "Zhou, Abigail"]
[Result "0-1"]
[WhiteTitle "FM"]
[BlackTitle "WCM"]
[WhiteElo "1990"]
[BlackElo "1771"]
[WhiteFideId "2008343"]
[BlackFideId "39922081"]
[EventDate "2026.03.25"]

1. c4 e6 2. g3 d5 3. Nf3 Nf6 4. Bg2 dxc4 5. Qa4+ Bd7 6. Qxc4 Bc6 7. O-O Nbd7 8.
b3 Bd5 9. Qc2 c5 10. Nc3 Bc6 11. Bb2 Be7 12. e4 e5 13. Rfe1 O-O 14. Nh4 Bd6 15.
Nf5 Nb6 16. d3 Rc8 17. Rad1 Re8 18. Rf1 Bf8 19. f4 exf4 20. Rxf4 Bd7 21. Rdf1
Nh5 22. R4f3 Be6 23. Qc1 Bxf5 24. Rxf5 Nf6 25. Qc2 Ng4 26. Nd1 Nh6 27. R5f3 f6
28. Ne3 Rc6 29. h3 Nf7 30. a4 Ne5 31. Bxe5 Rxe5 32. a5 Nc8 33. Nd5 Qxa5 34. Qc4
Kh8 35. Nf4 Nd6 36. Qc1 a6 37. Nd5 Qd8 38. Qb2 Re8 39. Kh2 Nb5 40. Rf5 Nd4 41.
Rh5 g6 42. Rh4 Bg7 43. Qf2 f5 44. Qa2 Be5 45. Rhf4 Bxf4 46. gxf4 Rce6 47. e5 Nc6
48. Qf2 b6 49. Qg3 Nd4 50. Rb1 a5 51. h4 h5 52. Qg5 Qxg5 53. hxg5 Rc8 54. Kg3
Kg7 55. Kf2 h4 56. Nf6 Rd8 57. Bd5 Re7 58. Rh1 Rh8 59. Rh3 b5 60. Kg2 a4 61.
bxa4 bxa4 62. Rh1 a3 63. Ra1 Ra7 64. e6 Nc2 65. Rc1 Ne3+ 66. Kh3 Nxd5 67. Nxd5
a2 68. Ra1 Ra3 69. Nf6 Rxd3+ 70. Kh2 Rd2+ 0-1

[Event "Reykjavik Open 2026"]
[Site "Reykjavik ISL"]
[Date "2026.03.28"]
[Round "5.135"]
[White "Berg, Kurt Magnus"]
[Black "Olafsson, Olafur Orn"]
[Result "1/2-1/2"]
[WhiteElo "1966"]
[BlackElo "1764"]
[WhiteFideId "1507389"]
[BlackFideId "2312042"]
[EventDate "2026.03.25"]

1. d4 d5 2. Nc3 Nf6 3. Bf4 e6 4. e3 Bd6 5. Bd3 b6 6. Nf3 Ba6 7. O-O O-O 8. Re1
Bxd3 9. Qxd3 a6 10. Bg5 Nbd7 11. e4 dxe4 12. Nxe4 Be7 13. Rad1 Nxe4 14. Bxe7
Qxe7 15. Qxe4 Nf6 16. Qe2 Rfd8 17. c4 Qd6 18. Ne5 c5 19. dxc5 Qxc5 20. Rd3 Rxd3
21. Qxd3 Rc8 22. b3 h6 23. h3 Qa3 24. Nd7 Nxd7 25. Qxd7 Qc5 26. Rd1 Qc6 27. a4
g6 28. Qxc6 Rxc6 29. Rd8+ Kg7 30. Rb8 Rd6 31. Kf1 Kf6 32. Ke2 h5 33. h4 Kf5 34.
Ke3 e5 35. f3 f6 36. g3 Ke6 37. Rg8 Kf7 38. Rb8 f5 39. Rb7+ Kf6 40. Rb8 Ke6 41.
Re8+ 1/2-1/2

[Event "Reykjavik Open 2026"]
[Site "Reykjavik ISL"]
[Date "2026.03.28"]
[Round "5.136"]
[White "Van Meurs, Rob"]
[Black "Bock, Dan"]
[Result "1-0"]
[WhiteElo "1964"]
[BlackElo "1751"]
[WhiteFideId "1012932"]
[BlackFideId "39915433"]
[EventDate "2026.03.25"]

1. e4 e5 2. Nf3 Nc6 3. Bb5 g6 4. O-O Bg7 5. c3 a6 6. Ba4 d6 7. d4 Bd7 8. dxe5
Nxe5 9. Bxd7+ Qxd7 10. Be3 Ne7 11. Nbd2 N7c6 12. h3 O-O 13. Qc2 Rfe8 14. Rad1
Qe7 15. Nd4 Qh4 16. f4 Nd7 17. Nxc6 bxc6 18. Qa4 f5 19. Qxc6 Nf6 20. Bd4 fxe4
21. Bxf6 Qxf6 22. Nxe4 Qe6 23. Ng5 Qxa2 24. Rde1 Reb8 25. c4 h6 26. Qd5+ Kh8 27.
Nf7+ Kh7 28. f5 gxf5 29. Qxf5+ Kg8 30. Nxh6+ Kh8 31. Nf7+ Kg8 32. Ng5 1-0

[Event "Reykjavik Open 2026"]
[Site "Reykjavik ISL"]
[Date "2026.03.28"]
[Round "5.137"]
[White "Davidsson, Oskar Vikingur"]
[Black "Tivoly, Jean-Francois"]
[Result "1-0"]
[WhiteElo "1933"]
[BlackElo "1743"]
[WhiteFideId "2310627"]
[BlackFideId "652024032"]
[EventDate "2026.03.25"]

1. e4 e6 2. d4 d5 3. exd5 exd5 4. Nf3 Nc6 5. Bb5 Bd6 6. O-O Ne7 7. Bg5 f6 8. Bh4
O-O 9. Bg3 a6 10. Bd3 Nb4 11. Be2 Bf5 12. Na3 Nbc6 13. Bxd6 Qxd6 14. c3 Ng6 15.
Bd3 Bxd3 16. Qxd3 Rae8 17. Rfe1 Nd8 18. c4 c6 19. c5 Qc7 20. b4 Nf7 21. Nc2 Qd7
22. Ne3 Nh6 23. a4 Re4 24. b5 a5 25. bxc6 bxc6 26. Qa6 Qc7 27. Rab1 Rc8 28. Rb7
Qd8 29. Rb6 Ra8 30. Qf1 Ne7 31. Reb1 Re6 32. Ra6 Nhf5 33. Nxf5 Nxf5 34. h3 Qc8
35. Rbb6 Ne7 36. Rxa8 Qxa8 37. Qa6 Qxa6 38. Rxa6 Re2 39. Rxa5 h6 40. Kf1 Ra2 41.
Ra7 Ng6 42. g3 Kf8 43. Kg2 Ne7 44. g4 g5 45. h4 Kf7 46. a5 Ke8 47. h5 Kf7 48. a6
f5 49. Ra8 Kf6 50. a7 Kg7 51. Ne1 Kf7 52. Nd3 Kg7 53. Nb4 Ra4 54. f4 Ra3 55. Kg1
Kh7 56. Kf2 Kg7 57. Ke2 Kh7 58. Kd2 Kg7 59. Kc2 Ra5 60. Kb3 Kh7 61. Nd3 Ra6 62.
Kb4 Kg7 63. Nc1 Kh7 64. Nb3 Kg7 65. Na5 Kf7 66. Nb7 Ra1 67. Na5 Rb1+ 68. Kc3 Ra1
69. Rd8 Rxa5 70. a8=Q 1-0

[Event "Reykjavik Open 2026"]
[Site "Reykjavik ISL"]
[Date "2026.03.28"]
[Round "5.138"]
[White "Ferzli, Michael"]
[Black "Montalti, Gianluca"]
[Result "*"]
[WhiteElo "1930"]
[BlackElo "1737"]
[WhiteFideId "5310288"]
[BlackFideId "39900169"]
[EventDate "2026.03.25"]

1. d4 d5 2. c4 e6 3. Nf3 a6 4. Nbd2 Nf6 5. g3 dxc4 6. Nxc4 b5 7. Na5 c5 8. Bd2
b4 9. Nc4 cxd4 10. Bg2 Bb7 11. O-O Be7 12. Nfe5 Ne4 13. Qa4+ Kf8 14. Na5 Bc8 15.
Rac1 f6 16. Nec6 Nxc6 17. Nxc6 Qd7 18. Qb3 Bb7 *

[Event "Reykjavik Open 2026"]
[Site "Reykjavik ISL"]
[Date "2026.03.28"]
[Round "5.139"]
[White "Braun, Janosch"]
[Black "Catapano, Alberto Pasquale"]
[Result "1/2-1/2"]
[WhiteElo "1728"]
[BlackElo "1922"]
[WhiteFideId "1355171"]
[BlackFideId "2856161"]
[EventDate "2026.03.25"]

1. Nf3 d5 2. d4 Nf6 3. c4 e6 4. Nc3 Be7 5. Bg5 O-O 6. e3 Nbd7 7. Qc2 c6 8. cxd5
exd5 9. Bd3 h6 10. Bh4 Nh5 11. Bxe7 Qxe7 12. O-O Ndf6 13. h3 g6 14. Rab1 Ng7 15.
b4 Bf5 16. b5 c5 17. dxc5 Qxc5 18. Nd4 Bd7 19. Rfc1 Rfc8 20. a4 Kh7 21. Qb3 Qd6
22. a5 Ne6 23. Nxe6 Bxe6 24. Qa4 Nd7 25. Qb4 Rc5 26. Ne2 Rac8 27. Rxc5 Rxc5 28.
Qb2 Ne5 29. Nf4 Kg8 30. Rc1 Nxd3 31. Nxd3 Rc4 32. Rxc4 dxc4 33. Nf4 Qd1+ 34. Kh2
Bf5 35. Qe5 Qd8 36. Nd5 Be6 37. Nf6+ Kf8 38. Nh7+ Kg8 39. Nf6+ Kf8 40. Nh7+ Kg8
41. Nf6+ Kf8 1/2-1/2

[Event "Reykjavik Open 2026"]
[Site "Reykjavik ISL"]
[Date "2026.03.28"]
[Round "5.140"]
[White "Damen, Josephine"]
[Black "Gilsson, Asmund"]
[Result "1-0"]
[WhiteElo "1928"]
[BlackElo "1727"]
[WhiteFideId "1074369"]
[BlackFideId "1541242"]
[EventDate "2026.03.25"]

1. e4 g6 2. d4 Bg7 3. Nc3 d6 4. Be3 a6 5. Qd2 b5 6. a4 b4 7. Na2 Bb7 8. f3 a5 9.
Bd3 Nd7 10. c3 bxc3 11. Nxc3 Ngf6 12. Nge2 O-O 13. O-O e5 14. Rac1 c6 15. Rfd1
Re8 16. Rc2 Rb8 17. Rdc1 Ba8 18. dxe5 dxe5 19. Ba6 Rb6 20. Bd3 Rb8 21. h3 Re7
22. f4 1-0

[Event "Reykjavik Open 2026"]
[Site "Reykjavik ISL"]
[Date "2026.03.28"]
[Round "5.141"]
[White "Spagnoli, Benjamin"]
[Black "Hagestad, Iver Dagsonn"]
[Result "1-0"]
[WhiteElo "1890"]
[BlackElo "1666"]
[WhiteFideId "20667116"]
[BlackFideId "1592335"]
[EventDate "2026.03.25"]

1. e4 c6 2. c4 d5 3. cxd5 cxd5 4. exd5 Qxd5 5. Nc3 Qd8 6. Nf3 e6 7. d4 Nf6 8.
Bg5 Be7 9. Bb5+ Bd7 10. Qa4 O-O 11. O-O Nc6 12. Rac1 a6 13. Be2 Rc8 14. Qd1 Nd5
15. Bxe7 Ndxe7 16. Re1 Nf5 17. b3 Nce7 18. Ne5 Bc6 19. Nxc6 Rxc6 20. Bf3 Rd6 21.
Bxb7 Qb6 22. Bf3 Nxd4 23. Na4 Qa7 24. Qd3 Rfd8 25. Qe3 Nef5 26. Qe4 Nxf3+ 27.
Qxf3 Rd2 28. Nc3 R2d3 29. Qf4 Qd7 30. Qc4 Qd6 31. Ne4 Qb6 32. Nc5 R3d6 33. Qe4
Rd2 34. a4 R8d5 35. b4 Nd4 36. Nd3 Rc2 37. Qxd5 1-0

[Event "Reykjavik Open 2026"]
[Site "Reykjavik ISL"]
[Date "2026.03.28"]
[Round "5.142"]
[White "Kleinert, Juergen"]
[Black "Sveinsson, Gudmundur Peng"]
[Result "0-1"]
[WhiteElo "1863"]
[BlackElo "1664"]
[WhiteFideId "4659180"]
[BlackFideId "2314550"]
[EventDate "2026.03.25"]

1. e4 e5 2. Nc3 Nf6 3. f4 d5 4. fxe5 Nxe4 5. Nf3 Bc5 6. d4 Bb4 7. Bd2 c5 8. a3
Bxc3 9. Bxc3 Nc6 10. Bb5 c4 11. O-O O-O 12. Bxc6 bxc6 13. Bb4 Re8 14. Nd2 Nxd2
15. Qxd2 a5 16. Bd6 Re6 17. Qf4 Ra7 18. Rf2 Rg6 19. Bc5 Rb7 20. c3 Qg5 21. Qxg5
Rxg5 22. Raf1 Be6 23. a4 Rg6 24. Re1 h6 25. Kf1 Rg5 26. Ba3 Bf5 27. Kg1 Be6 28.
Re3 Rg6 29. h3 Bc8 30. Ref3 Re6 31. Kf1 Re8 32. Rg3 Kh7 33. Ke2 Be6 34. Kd2 Rc8
35. Kc2 Re8 36. Rgf3 Kg8 37. Bd6 g6 38. g4 Ra8 39. Rg3 Kg7 40. h4 Re8 41. Rf1
Ra8 42. Ba3 Raa7 43. Kd2 Ra8 44. Ke3 Raa7 45. Rgg1 Rb3 46. Kf4 Rd7 47. Ra1 Rdb7
48. Ra2 Kg8 49. Rb1 Kg7 50. Bd6 Kg8 51. Ra3 Kg7 52. Rxb3 cxb3 53. Rc1 Kg8 54. g5
h5 55. Ke3 Kg7 56. Kd3 Bf5+ 57. Kd2 Be6 58. Bc5 Kg8 59. Rf1 Kg7 60. Rf6 Kg8 61.
Bd6 Kg7 62. c4 dxc4 63. Rxe6 fxe6 64. Kc3 Rf7 65. Kxc4 Rf4 66. Bc7 Rxh4 67. Bxa5
Rh1 68. Kxb3 Rf1 69. Bd2 h4 70. a5 h3 71. Bf4 Rxf4 0-1

[Event "Reykjavik Open 2026"]
[Site "Reykjavik ISL"]
[Date "2026.03.28"]
[Round "5.143"]
[White "Manuel dos Santos, Fabio"]
[Black "Jorgensen, Peter"]
[Result "0-1"]
[WhiteElo "1644"]
[BlackElo "1862"]
[WhiteFideId "533009511"]
[BlackFideId "1482556"]
[EventDate "2026.03.25"]

1. e4 Nc6 2. d4 e5 3. d5 Nce7 4. g4 Ng6 5. Be3 Bb4+ 6. c3 Ba5 7. Nf3 Nf6 8. Nfd2
Bb6 9. Bxb6 axb6 10. f3 d6 11. b4 Bd7 12. b5 O-O 13. h4 c6 14. c4 cxd5 15. cxd5
Qc7 16. Nb3 Rfc8 17. N1d2 Qc3 18. Kf2 Nf4 19. Nc4 Rxc4 20. Bxc4 Qxc4 21. Qf1
Qc2+ 22. Kg3 Rxa2 0-1

[Event "Reykjavik Open 2026"]
[Site "Reykjavik ISL"]
[Date "2026.03.28"]
[Round "5.144"]
[White "Isleifsson, Runar"]
[Black "B. Berglindardottir, Emilia Embla"]
[Result "1-0"]
[WhiteElo "1860"]
[BlackElo "1656"]
[WhiteFideId "2305917"]
[BlackFideId "2318946"]
[EventDate "2026.03.25"]

1. e4 e6 2. d4 d5 3. exd5 exd5 4. Bf4 Nf6 5. Nf3 Bf5 6. Bd3 Ne4 7. O-O Bd6 8.
Bxd6 Qxd6 9. Nbd2 O-O 10. Nb3 Nd7 11. Nh4 Be6 12. f3 Nef6 13. f4 Ng4 14. Qf3 f5
15. h3 Nh6 16. Qg3 Nb6 17. Nc5 Bc8 18. b3 Nd7 19. Nxd7 Bxd7 20. Rfe1 Qb4 21. Nf3
Be8 22. Qf2 Bh5 23. a3 Qc3 24. Ng5 Rfe8 25. Rac1 b6 26. a4 c5 27. dxc5 bxc5 28.
Bb5 Red8 29. Ne6 Rdc8 30. Bd7 Bf7 31. Bxc8 Rxc8 32. Ng5 Bh5 33. Qe3 Qb4 34. Qe6+ 1-0